000 00905cam a2200265 a 4500
001 9902
003 BD-RjUL
005 20211208234848.0
008 140122r19531942enk f000 0 eng d
035 _aOCLC 25336982 from vjlo62
_a(BD-RjUL)9947
040 _aBUQ
_cBUQ
_dEQO
_dBD-RjUL
_beng
041 _aeng
082 _a940.53144
_bEXP 1953
110 1 _aGreat Britain.
_bMinistry of Works and Planning.
_930591
245 1 0 _aExpert Committee on Compensation and Betterment /
_pFinal report, 1942 /
_c[Chairman: Sir A.A. Uthwatt]
260 _aLondon :
_bH.M.S.O,
_c1942 [reprinted 1953]
300 _avi, 180 p. ;
_c24 cm
490 1 _aCmd. ;
_v6386
650 0 _aReconstruction (1939-1951)
_zGreat Britain
_911802
830 0 _v6386
_930592
700 1 _aUthwatt, Augustus Andrewes,
_cSir.
_930584
740 0 _aUthwatt report.
830 0 _aCmd. (Great Britain. Parliament) ;
_930593
942 _2ddc
_cBK
999 _c9902
_d9902